LEADER 01439nam a2200325 a 4500 001 000000129382 003 CaOOAMICUS 005 20120620154013.0 008 120620s2012 it u000 u ita r 040 $aPUL$bita 041 1 $aita$agrc$hgrc 082 04$a103 100 0 $aEpicurus,$d341-270 a.C.$0(OLS)http://pul/name/49 240 10$aEpistolae.$lItaliano e Greco.$0(OLS)http://pul/title/31826 245 10$aLettere sulla fisica, sul cielo e sulla felicitą /$cEpicuro ; traduzione e note di Nicoletta Russello ; prefazione di Giulio Giorello. 260 $aMilano :$bR.C.S. Libri,$c©2012. 300 $aVIII, 133 p. ;$c19 cm 490 1 $aClassici del pensiero libero. Greci e latini ;$v04 500 $aEd. speciale per il Corriere della Sera. 546 $aTesto greco a fronte. 700 1 $aGiorello, Giulio.$0(OLS)http://pul/name/38421 700 1 $aRussello, Nicoletta.$0(OLS)http://pul/name/82820 830 0$aClassici del pensiero libero. Greci e latini ;$v04.$0(OLS)http://pul/title/163490 850 $aPUL 852 $aPUL$W1$xDP2 Filosofia 3$y112$m103 COLL 8.4$j149859$qDDC 21$B148386$CPULBib$Z2$F148386 $H119539 $82 941 1 $a9 996 $6082$a103$9(OLS)http://pul/classification/621 996 $6245$aLettere sulla fisica, sul cielo e sulla felicitą$9(OLS)http://pul/title/163498 996 $6260$aMilano :$bR.C.S. Libri$9(OLS)http://pul/publisher/74600 LEADER 01473nam a2200337 u 4500 001 000000034525 003 CaOOAMICUS 005 20070226112501.0 008 980126s1997 it u000 u ita u 020 $a8839903968 035 $a10780894 040 $aPUL$bita$dMSA 041 1 $aita$heng 100 1 $aDulles, Avery Robert,$cS.I.,$d1918-2008.$0(OLS)http://pul/name/26589 240 10$aAssurance of things hoped for.$lItaliano.$0(OLS)http://pul/title/47517 245 13$aIl fondamento delle cose sperate :$bteologia della fede cristiana /$cAvery Dulles ; [edizione italiana a cura di Giacomo Canobbio]. 260 $aBrescia :$bQueriniana,$c1997. 300 $a418 p. ;$c23 cm 490 1 $aBiblioteca di teologia contemporanea ;$v96 504 $aInclude indici e riferimenti bibliografici. 650 4$aFede.$0(OLS)http://pul/subject/668 700 1 $aCanobbio, Giacomo,$csacerdote,$d1945-$0(OLS)http://pul/name/24030 830 0$aBiblioteca di teologia contemporanea ;$v96.$0(OLS)http://pul/title/7472 850 $aPUL 852 $aPUL$W1$xSL Religione 3$y85$m200 BTC 1.96$j47273$nBK-PRI$b $qDDC 21$B47273$CPULBib$Z2$F47273 $82 941 1 $a8 961 $aINV: 77080 -- corrente 983 0$aBTC. 996 $6020$a8839903968$9(OLS)http://pul/number/43346 996 $6245$aIl fondamento delle cose sperate :$bteologia della fede cristiana$9(OLS)http://pul/title/47518 996 $6260$aBrescia :$bQueriniana$9(OLS)http://pul/publisher/47906